<?xml version="1.0" encoding="UTF-8"?><?xml-stylesheet type="text/xsl" href="static/style.xsl"?><OAI-PMH xmlns="http://www.openarchives.org/OAI/2.0/" xmlns:xsi="http://www.w3.org/2001/XMLSchema-instance" xsi:schemaLocation="http://www.openarchives.org/OAI/2.0/ http://www.openarchives.org/OAI/2.0/OAI-PMH.xsd"><responseDate>2026-06-02T21:34:25Z</responseDate><request verb="GetRecord" identifier="oai:riuma.uma.es:10630/9604" metadataPrefix="marc">https://riuma.uma.es/rest/oai/request</request><GetRecord><record><header><identifier>oai:riuma.uma.es:10630/9604</identifier><datestamp>2026-02-03T12:52:23Z</datestamp><setSpec>com_10630_5701</setSpec><setSpec>com_10630_3139</setSpec><setSpec>com_10630_10</setSpec><setSpec>col_10630_6950</setSpec></header><metadata><record xmlns="http://www.loc.gov/MARC21/slim" xmlns:dcterms="http://purl.org/dc/terms/" xmlns:doc="http://www.lyncode.com/xoai" xmlns:xsi="http://www.w3.org/2001/XMLSchema-instance" xsi:schemaLocation="http://www.loc.gov/MARC21/slim http://www.loc.gov/standards/marcxml/schema/MARC21slim.xsd">
   <leader>00925njm 22002777a 4500</leader>
   <datafield ind2=" " ind1=" " tag="042">
      <subfield code="a">dc</subfield>
   </datafield>
   <datafield ind2=" " ind1=" " tag="720">
      <subfield code="a">Hertogs-Biarge, Ignacio</subfield>
      <subfield code="e">author</subfield>
   </datafield>
   <datafield ind2=" " ind1=" " tag="260">
      <subfield code="c">2003</subfield>
   </datafield>
   <datafield ind2=" " ind1=" " tag="520">
      <subfield code="a">Durante los años 20 se editaron en la prensa numerosos reportajes e informaciones acerca de los comercios, fábricas e industrias de Málaga capital y provincia, cuyos propietarios insertaron asiduamente publicidad de los mismos. Ello es indicativo de su pujanza, así como de su necesidad de incitar al consumo, posible en aquel entonces para algunas capas sociales, y reflejo, por tanto, de un cierto incremento de su nivel de vida y poder adquisitivo. La nación se modernizaba. Málaga no debía quedar relegada en una batalla en la que, por otra parte, el fomento del turismo fue esencial. En este sentido, existieron estrategias propagandísticas y planteamientos publicitarios metódicamente realizados, así como organismos que llevaron a cabo diversas acciones para potenciarlo por medio del deporte, la imagen fílmica, la literatura, los carteles y la palabra hablada, escrita y cantada.</subfield>
   </datafield>
   <datafield ind1="8" ind2=" " tag="024">
      <subfield code="a">Baetica 25, 2003, p. 697-727.</subfield>
   </datafield>
   <datafield ind1="8" ind2=" " tag="024">
      <subfield code="a">0212-5099</subfield>
   </datafield>
   <datafield ind1="8" ind2=" " tag="024">
      <subfield code="a">http://hdl.handle.net/10630/9604</subfield>
   </datafield>
   <datafield tag="653" ind2=" " ind1=" ">
      <subfield code="a">Desarrollo económico y social - Málaga - 1920-1930</subfield>
   </datafield>
   <datafield ind2="0" ind1="0" tag="245">
      <subfield code="a">El eterno mito del desarrollo de Málaga: propaganda, turismo y progreso económico en los años 20</subfield>
   </datafield>
</record>
</metadata></record></GetRecord></OAI-PMH>